[Event "Belgrade Cup Final 2012"]
[Site "Belgrade SRB"]
[Date "2012.04.21"]
[Round "4.2"]
[White "Dimic,P"]
[Black "Petrovic,Igor R"]
[Result "1-0"]
[WhiteElo "2071"]
[BlackElo "2093"]

1.d4 d5 2.Nf3 Nf6 3.c4 e6 4.Nc3 c6 5.e3 Nbd7 6.Bd3 Bd6 7.O-O O-O 8.e4 dxc4
9.Bxc4 e5 10.Be3 b5 11.Bb3 b4 12.Na4 Nxe4 13.Qc2 exd4 14.Nxd4 Ndf6 15.Nxc6 Bxh2+
16.Kh1 Qc7 17.Nd4 Qe5 18.Nf3 Qh5 19.Nxh2 Ng4 20.Bf4 Bf5 21.Qe2 g5 22.Kg1 Rae8
23.Nxg4 Bxg4 24.f3 gxf4 25.fxg4 Qh4 26.Qf3 Ng3 27.Rfe1 Nh1 28.Rxe8 Rxe8 29.Qxf4 Re7
30.Rf1 Ng3 31.Bxf7+ Kg7 32.Qd4+ Kh6 33.Rf6+ Kg7 34.Rf3+ Kh6 35.Qf4+ Kg7 36.Qxg3 Re1+
37.Kf2 Qh1 38.Qf4 Qh4+ 39.g3 Qe7 40.Qd4+  1-0

[Event "TCh-CZE Extraliga 2011-12"]
[Site "Czech Republic CZE"]
[Date "2012.04.21"]
[Round "10.6"]
[White "Jirovsky,M"]
[Black "Stachowiak,K"]
[Result "1/2-1/2"]
[WhiteElo "2466"]
[BlackElo "2425"]

1.Nf3 d5 2.c4 e6 3.e3 Nf6 4.d4 c6 5.Nc3 Nbd7 6.Qc2 Bd6 7.Bd2 O-O 8.h3 e5
9.cxd5 cxd5 10.Nb5 Bb8 11.Bb4 Re8 12.Rc1 e4 13.Nd2 Nf8 14.Nc7 Bxc7 15.Qxc7 Qxc7
16.Rxc7 Ne6 17.Rc1 Bd7 18.Be2 Rec8 19.O-O Rxc1 20.Rxc1 Rc8 21.Rxc8+ Bxc8
22.Nb1 Bd7 23.Nc3 Nc7 24.f3 exf3 25.Bxf3 Bc6 26.Bd6 Nfe8 27.Bg3 f6 28.b4 Kf8
29.b5 Nxb5 30.Nxb5 Bxb5 31.Bxd5 Bc6 32.Bxc6 bxc6 33.Bb8 a6 34.Kf2 Ke7 35.Ke2 Nd6
36.Kd3 f5 37.Kc3 Ke6 38.Kb4 Ne4 39.Kc4 g5 40.Bc7 Kd7 41.Be5 Nd2+ 42.Kd3 Ne4
43.Kc4 Nd2+ 44.Kd3 Ne4 45.Kc4  1/2-1/2

[Event "TCh-CZE Extraliga 2011-12"]
[Site "Czech Republic CZE"]
[Date "2012.04.21"]
[Round "10.6"]
[White "Michenka,J"]
[Black "Erneker,J"]
[Result "1/2-1/2"]
[WhiteElo "2346"]
[BlackElo "2251"]

1.d4 d5 2.c4 c6 3.Nc3 Nf6 4.e3 e6 5.Nf3 Nbd7 6.Qc2 Bd6 7.b3 O-O 8.Be2 Re8
9.O-O dxc4 10.bxc4 e5 11.Bb2 exd4 12.exd4 Nf8 13.h3 Qa5 14.c5 Bb8 15.Bd3 b6
16.Ne4 Nd5 17.Neg5 g6 18.cxb6 Qxb6 19.Ba3 Ba6 20.Rab1 Qa5 21.Bxa6 Qxa6 22.Bxf8 Rxf8
23.Rfc1 Rc8 24.Ne5 Bxe5 25.dxe5 Rc7 26.Qc4 Qxc4 27.Rxc4 Re8 28.f4 Kg7 29.g3 f6
30.Nf3 c5 31.exf6+ Kxf6 32.Ne5 Nb6 33.Re4 Rd8 34.Rc1 Rd2 35.a4 Ra2 36.Ng4+ Kf7
37.Re5 Nxa4 38.f5 h5 39.Ne3 g5 40.Nd5 Rd7 41.Rce1 Rd2 42.Re7+ Rxe7 43.Rxe7+ Kf8
44.Rd7 Nc3 45.Rd8+ Kf7 46.Rd7+ Kf8 47.Rd8+ Kf7  1/2-1/2

[Event "14th Dubai Open 2012"]
[Site "Dubai UAE"]
[Date "2012.04.21"]
[Round "6.26"]
[White "Grigoryan,K2"]
[Black "Mirzoeva,E"]
[Result "1-0"]
[WhiteElo "2510"]
[BlackElo "2258"]

1.d4 d5 2.c4 c6 3.Nc3 Nf6 4.e3 e6 5.Nf3 Nbd7 6.Qc2 b6 7.Bd3 Bb7 8.O-O Be7
9.b3 O-O 10.Bb2 h6 11.Rad1 Qc7 12.Qe2 Rad8 13.e4 dxe4 14.Nxe4 c5 15.dxc5 Nxe4
16.Bxe4 Nxc5 17.Bb1 Qf4 18.Ne5 Qh4 19.b4 Na6 20.a3 Nb8 21.f3 Rxd1 22.Qxd1 Rd8
23.Qc2 f5 24.Ng6 Qg5 25.Nxe7+ Qxe7 26.Qe2 Nc6 27.Re1 Kf7 28.Qe3 Qd7 29.Ba2 Nd4
30.c5 bxc5 31.bxc5 Kf8 32.Qe5 Bd5 33.Bxd4 Bxa2 34.Bc3 Bd5 35.Rc1 Rc8 36.Be1 Kg8
37.Bg3 Qa4 38.Qc3 Qd7 39.Bd6 Qa4 40.h3 Qd7 41.Qa5 Qb7 42.Qc3 Qd7 43.Kf2 Qa4
44.Kg3 Rc6 45.Rb1 Rc8 46.Rb2 Kh7 47.Be5 Qd7 48.Qa5 Qe7 49.Bd6 f4+ 50.Kh2 Qg5
51.Qe1 Qf5 52.Rb4 g5 53.Ra4 Ra8 54.Qc3 Bc6 55.Rb4 Rc8 56.Rb2 Kg6 57.Qa5 Qf7
58.Qa6 Qd7 59.Qd3+ Kh5 60.h4 Bd5 61.hxg5 hxg5 62.g4+ Kh6 63.Kg1 Rg8 64.Be5  1-0

[Event "Spartak IM 2012"]
[Site "Subotica SRB"]
[Date "2012.04.21"]
[Round "2.3"]
[White "Djokic,Nen"]
[Black "Siclovan,C"]
[Result "0-1"]
[WhiteElo "2393"]
[BlackElo "2165"]

1.d4 e6 2.c4 Nf6 3.Nc3 d5 4.Nf3 c6 5.e3 Nbd7 6.Qc2 Bd6 7.Bd3 O-O 8.O-O Re8
9.b3 Qe7 10.Bb2 e5 11.dxe5 Nxe5 12.Be2 dxc4 13.bxc4 Nfg4 14.g3 Qf6 15.Nxe5 Bxe5
16.Nd1 Qh6 17.Bxg4 Bxg4 18.f3 Bh3 19.Re1 Bc7 20.Bd4 Rad8 21.Nf2 Bc8 22.Rad1 Qh5
23.Kg2 Ba5 24.Re2 c5 25.Bb2 Bd7 26.Rd5 Qh6 27.e4 Qc6 28.Nd3 b6 29.Ne5 Qe6
30.Qd3 Re7 31.Rxd7 Rdxd7 32.Nxd7 Rxd7 33.Qc2 Qd6 34.e5 Qd3 35.f4 a6 36.Kf2 Bb4
37.Qxd3 Rxd3 38.Rc2 b5 39.cxb5 axb5 40.a3 Rd2+ 41.Rxd2 Bxd2 42.Ke2 Ba5 43.Kd3 Kf8
44.f5 Be1 45.Bc1 Bf2 46.Ke4 Ke7 47.Kd5 h6 48.Bd2 Bd4 49.Bf4 Bf2 50.e6 fxe6+
51.fxe6 b4 52.axb4 cxb4 53.Bd6+ Kf6 54.Bxb4 Bg1 55.Bc3+ Ke7 56.Bxg7 Bxh2
57.g4 Bf4 58.Ke4 Bc1 59.Kf5 Bg5 60.Bc3 Bc1 61.Bb4+ Ke8 62.Bd6 Bb2 63.Bf4  0-1

[Event "Spartak IM 2012"]
[Site "Subotica SRB"]
[Date "2012.04.21"]
[Round "2.5"]
[White "Kumic,F"]
[Black "Dinev,De"]
[Result "1/2-1/2"]
[WhiteElo "2247"]
[BlackElo "2373"]

1.d4 d5 2.Nf3 Nf6 3.c4 e6 4.Nc3 c6 5.e3 Be7 6.Qc2 O-O 7.Bd3 Nbd7 8.O-O b6
9.e4 dxc4 10.Bxc4 Bb7 11.Bd3 h6 12.Qe2 c5 13.e5 Nh7 14.d5 exd5 15.Nxd5 Bxd5
16.Bxh7+ Kxh7 17.Qd3+ Kh8 18.Qxd5 f6 19.exf6 Bxf6 20.Qb3 Ne5 21.Nxe5 Bxe5
22.Be3 Qf6 23.Rab1 Rad8 24.Qc2 Bd4 25.Bxd4 Rxd4 26.b3 Rfd8 27.Rbd1 Kg8 28.Rxd4 Qxd4
29.g3 Qd2 30.Rc1 Rd4 31.Kg2 Qg5 32.Re1 Qd5+ 33.Kg1 Rd3 34.h4 Qd4 35.Kg2 Qd5+
36.Kg1 Qd4 37.Kg2 Qd5+ 38.Kg1 a5 39.Qe2 Rd2 40.Qe6+ Qxe6 41.Rxe6 b5 42.Rc6 Rxa2
43.Rxc5 b4 44.Rc7 Rb2 45.Ra7 Rxb3 46.Rxa5 Rb1+ 47.Kg2 b3 48.Ra7 Kh7 49.h5 Kg8
50.Kf3 Kf8 51.Rb7 b2 52.Kg4 Kg8 53.Kf5 Rh1  1/2-1/2

[Event "TCh-HUN 2011-12"]
[Site "Budapest HUN"]
[Date "2012.04.22"]
[Round "9"]
[White "Nestorovic,De"]
[Black "Feher,Ad"]
[Result "1/2-1/2"]
[WhiteElo "2390"]
[BlackElo "2342"]

1.d4 d5 2.c4 e6 3.Nc3 c6 4.e3 Nf6 5.Nf3 Nbd7 6.Qc2 Bd6 7.e4 dxe4 8.Nxe4 Nxe4
9.Qxe4 c5 10.Bg5 Be7 11.Bxe7 Qa5+ 12.Nd2 Kxe7 13.dxc5 Nxc5 14.Qe3 Rd8 15.b4 Qxb4
16.Rb1 Qa5 17.Rb5 Qxd2+ 18.Qxd2 Rxd2 19.Kxd2 b6 20.Ke3 Ba6 21.Rb2 e5 22.Be2 Rc8
23.Rc1 Bb7 24.f3 Rc7 25.Ra1 Bc6 26.Bd1 Bd7 27.a4 Nb7 28.Be2 Rc5 29.Rb4 Nd6
30.Bd3 h6 31.Kd2 Be6 32.Kc3 f5 33.Rg1 Kd7 34.g4 fxg4 35.fxg4  1/2-1/2

[Event "Frauenbundesliga 2011-12"]
[Site "Germany GER"]
[Date "2012.04.22"]
[Round "11.2"]
[White "Vovk,Ok"]
[Black "Haecker,S"]
[Result "0-1"]
[WhiteElo "2212"]
[BlackElo "2070"]

1.d4 d5 2.c4 e6 3.Nc3 c6 4.e3 Nf6 5.Nf3 Nbd7 6.Qc2 Bd6 7.Bd3 O-O 8.O-O b6
9.e4 dxe4 10.Nxe4 Bc7 11.Bg5 h6 12.Bh4 Bb7 13.Rad1 Qe7 14.Rfe1 Rac8 15.Ne5 Bd8
16.Nxd7 Qxd7 17.Nxf6+ Bxf6 18.Bxf6 gxf6 19.Qc1 Kg7 20.Qf4 Rh8 21.Re3 Qd8
22.c5 Kf8 23.Rf3 f5 24.g4 Rg8 25.Qxh6+ Ke8 26.Bxf5 Qd5 27.Re3 Qxf5 28.h3 Qg6
29.Qf4 Rd8 30.cxb6 axb6 31.Qc7 Qc2 32.Rde1 Bc8 33.Qxb6 Qc4 34.b3 Qxd4 35.Qxc6+ Bd7
36.Qe4 Qxe4 37.Rxe4 Ra8 38.a4 Ke7 39.Rc4 Rgb8 40.Re3 Rb6 41.f4 Rab8 42.Rcc3 Kf6
43.Kf2 Bc6 44.a5 Ra6 45.h4 Rb5 46.h5 Rbxa5 47.g5+ Kg7 48.Re1 Rb6 49.Rec1 Bd5
50.Ke3 Rb4 51.h6+ Kg6 52.R1c2 Re4+ 53.Kd2 Rxf4 54.Rh3 Rf2+ 55.Kc1 Rxc2+ 56.Kxc2 Be4+
57.Kc3 Kh7 58.Rg3 Kg6 59.Kd4 Bc2 60.b4 Rd5+ 61.Kc4 Kh5 62.Rh3+ Kxg5 63.h7 Bxh7
64.Rxh7 f5 65.b5 Rd1 66.b6 Rb1 67.b7 e5 68.Kd5 e4 69.Kd4 Kf4 70.Rh4+ Kg3
71.Rh7 Rb4+ 72.Kc3 Rb6 73.Kd4 Kf3 74.Re7 Rb1 75.Rh7 f4 76.Rh3+ Kg2 77.Rh7 e3
78.Re7 Kf2 79.Rf7 f3 80.Ke4 Rb4+ 81.Kd3 e2  0-1

[Event "3rd LUC Open"]
[Site "Lille FRA"]
[Date "2012.04.23"]
[Round "1.8"]
[White "Arizmendi Martinez,J"]
[Black "Cau,B"]
[Result "1-0"]
[WhiteElo "2568"]
[BlackElo "2125"]

1.d4 d5 2.c4 c6 3.Nc3 Nf6 4.e3 e6 5.Nf3 Nbd7 6.Qc2 Bd6 7.Be2 O-O 8.O-O dxc4
9.Bxc4 e5 10.h3 Qe7 11.Bb3 exd4 12.exd4 Nb6 13.Bg5 Be6 14.Bxe6 fxe6 15.Rae1 Nbd5
16.Ne4 Rac8 17.Qb3 b6 18.Re2 Rfe8 19.Rfe1 Qf8 20.Bd2 Nxe4 21.Rxe4 Qf5 22.Ng5 Rf8
23.Qf3 h6 24.Nxe6 Qxf3 25.gxf3 Rxf3 26.Rg4 Rxh3 27.Nxg7 Kf7 28.Nf5 Bf8 29.Ng3 h5
30.Rge4 Nf6 31.Rf4 Bd6 32.Rxf6+ Kxf6 33.Ne4+ Kg6 34.Nxd6 Rc7 35.Re6+ Kh7
36.Rh6+ Kg8 37.Be3 Rg7+ 38.Kf1 Rh1+ 39.Ke2 Rb1 40.b3 Rh7 41.Re6 h4 42.Bf4 Rb2+
43.Kf3 Rxa2 44.Be5 Rd7 45.Rh6 Rh7 46.Rg6+ Kf8 47.Re6 Re7 48.Rh6 Rd7 49.Rh8+ Ke7
50.Re8+  1-0

[Event "ch-LTU 2012"]
[Site "Vilnius LTU"]
[Date "2012.04.23"]
[Round "3"]
[White "Beinoras,M"]
[Black "Vedrickas,T"]
[Result "1/2-1/2"]
[WhiteElo "2353"]
[BlackElo "2318"]

1.d4 Nf6 2.c4 e6 3.Nc3 d5 4.Nf3 c6 5.e3 Nbd7 6.Qc2 Bd6 7.Bd3 O-O 8.O-O dxc4
9.Bxc4 b5 10.Be2 Bb7 11.e4 e5 12.dxe5 Nxe5 13.Nh4 b4 14.Nf5 bxc3 15.Rd1 Ne8
16.Qxc3 Qf6 17.f4 Bc7 18.fxe5 Bxe5 19.Qb4 Rb8 20.Ne7+ Kh8 21.Nxc6 Nc7 22.Nxb8 Rxb8
23.Be3 Qh4 24.h3 Nd5 25.Qc5 Qxe4 26.Rxd5 Qxd5 27.Qxd5 Bxd5 28.Rd1 Bxa2 29.Bxa7 Rg8
30.b4 g6 31.b5 Kg7 32.b6 Bb3 33.Rd2 Bf4 34.Rd3 Bc4 35.Rf3 Bxe2 36.Rxf4 Ba6
37.Ra4 Bb7 38.Rd4 Rc8 39.Rd7 Rc1+ 40.Kh2 Be4 41.b7 Rc2 42.Bd4+ Kh6 43.Kg3 g5
44.Bf2 Rb2  1/2-1/2

[Event "Russian Juniors 2012"]
[Site "Sochi RUS"]
[Date "2012.04.25"]
[Round "8"]
[White "Shimanov,A"]
[Black "Predke,A"]
[Result "1-0"]
[WhiteElo "2591"]
[BlackElo "2461"]

1.d4 Nf6 2.c4 e6 3.Nf3 d5 4.Nc3 c6 5.e3 Nbd7 6.Qc2 Bd6 7.Bd3 O-O 8.O-O dxc4
9.Bxc4 a6 10.e4 e5 11.Rd1 Qc7 12.h3 b5 13.Bb3 Bb7 14.Bg5 h6 15.dxe5 Nxe5
16.Bxf6 gxf6 17.Nh4 Rfc8 18.Qd2 Bf8 19.Qf4 Rd8 20.Qxf6 Qe7 21.Qxe7 Bxe7 22.Nf5 Bf8
23.Rxd8 Rxd8 24.Rd1 Rxd1+ 25.Nxd1 a5 26.Bc2 Bc8 27.Nfe3 a4 28.Kh2 Be6 29.f4 Nd7
30.Nc3 f6 31.Kg3 Bc5 32.Kf3 Bd4 33.Ned1 Ba7 34.Nf2 Bd4 35.Nfd1 Ba7 36.Bb1 Bc5
37.a3 Nb6 38.Ne3 Kg7 39.Bd3 Bd4 40.Nc2 Bc5 41.Nb4 Bd7 42.g4 Bd6 43.Nc2 Na8
44.Nd4 Nc7 45.h4 Bc5 46.Nce2 h5 47.g5 Bg4+ 48.Kg3 Ne6 49.gxf6+ Kxf6 50.Nxc6 Be3
51.e5+ Kg7 52.f5 Nc5 53.f6+ Kf7 54.Bxb5 Ne4+ 55.Kg2 Nxf6 56.exf6 Kxf6 57.Nc3 Kf5
58.Bxa4 Bc1 59.Bc2+ Ke6 60.Nd1 Kd5 61.Nb4+ Kd4 62.Na2 Bd2 63.Nf2 Be6 64.Nb4 Ke3
65.Bd1 Bf7 66.Bf3 Bg6 67.Nd5+ Kd4 68.Nf6 Bc1 69.Nd1  1-0

[Event "ch-LTU 2012"]
[Site "Vilnius LTU"]
[Date "2012.04.25"]
[Round "5"]
[White "Pileckis,E"]
[Black "Vedrickas,T"]
[Result "1-0"]
[WhiteElo "2448"]
[BlackElo "2318"]

1.Nf3 d5 2.d4 Nf6 3.c4 c6 4.Nc3 e6 5.e3 Nbd7 6.Qc2 Bd6 7.b3 O-O 8.Bd3 dxc4
9.bxc4 e5 10.O-O Re8 11.Bd2 Qe7 12.Ng5 h6 13.Nge4 Bc7 14.Ng3 Nf8 15.d5 Rd8
16.Rab1 cxd5 17.cxd5 Nxd5 18.Nxd5 Rxd5 19.Bb4 Qd8 20.Bc4 Rd7 21.Bb5 Rd5 22.Bxf8 Kxf8
23.Qh7 Rb8 24.Rfc1 Be6 25.Qh8+ Ke7 26.Qxg7 e4 27.Bc4 Bxg3 28.Bxd5 Bxf2+ 29.Kxf2 Qxd5
30.Rc7+ Kd8 31.Rbc1 Bd7  1-0

[Event "3rd LUC Open"]
[Site "Lille FRA"]
[Date "2012.04.26"]
[Round "5.65"]
[White "Cardon,Pi"]
[Black "Mautin,Arthur"]
[Result "1-0"]
[WhiteElo "1906"]
[BlackElo "1392"]

1.d4 d5 2.c4 c6 3.e3 Nf6 4.Nc3 e6 5.Nf3 Nbd7 6.a3 Bd6 7.b4 O-O 8.Bb2 dxc4
9.Bxc4 b5 10.Bd3 Bb7 11.O-O Qe7 12.e4 Bc7 13.Qc2 e5 14.Nxb5 cxb5 15.Qxc7 Bxe4
16.Bxe4 Nxe4 17.Nxe5 Nef6 18.Rfe1 Rfc8 19.Qb7 Rcb8 20.Qf3 Rc8 21.Nc6 Qd6
22.Ne7+ Kf8 23.Nxc8 Rxc8 24.Rac1 Rd8 25.Qb7 a6 26.Rc8 Nb6 27.Rc6 Qf4 28.Qe7+ Kg8
29.Qxd8+ Ne8 30.Qxe8+  1-0

[Event "GP FFE 2nd stage"]
[Site "Nancy FRA"]
[Date "2012.04.28"]
[Round "7"]
[White "Bacrot,E"]
[Black "Fressinet,L"]
[Result "1/2-1/2"]
[WhiteElo "2706"]
[BlackElo "2693"]

1.d4 d5 2.c4 c6 3.Nc3 Nf6 4.e3 e6 5.Nf3 Nbd7 6.Qc2 Bd6 7.Bd3 dxc4 8.Bxc4 O-O
9.O-O a6 10.Ng5 c5 11.Nce4 Nxe4 12.Nxe4 Qc7 13.Nxd6 Qxd6 14.Rd1 b5 15.Bd3 h6
16.b3 Bb7 17.dxc5 Qc6 18.Bh7+ Kh8 19.Be4 Qxe4 20.Qxe4 Bxe4 21.Rxd7 Rfd8 22.Rd6 Rdc8
23.f3 Bc6 24.e4 a5 25.a3 Kg8 26.Bb2 Kf8 27.Kf2 a4 28.b4 Be8 29.Rad1 Rc6 30.e5 Rac8
31.g4 Ke7 32.Bc1 Rxd6 33.exd6+ Kd7 34.h4 f6 35.g5 hxg5 36.hxg5 Bg6 37.Rg1 Rg8
38.Bb2 e5 39.Ke3 Kc6 40.Rd1 Kd7 41.Rh1 Kc6 42.Rh2 Kd7 43.Bc3 Kc6 44.Be1 Re8
45.gxf6 gxf6 46.Rh6 Rg8 47.Bh4 f5 48.f4 exf4+ 49.Kxf4 Be8 50.Bg5 Bd7 51.Rh7 Re8
52.Be7 Rg8 53.Bg5 Re8 54.Kf3 Rg8 55.Be3 Re8 56.Bf4 Rg8 57.Rf7 Re8 58.Bg5 Rg8
59.Be3 Re8 60.Bh6 Rh8 61.Bf4 Re8 62.Kg3 Rg8+ 63.Kf3 Re8 64.Bg5 Rg8 65.Kf4 Re8
66.Be7 Rg8 67.Rh7 Rg4+ 68.Kf3 Rg8 69.Rh3 Kd5 70.Bf6 Kc6 71.Bc3 Re8 72.Kf4 Rg8
73.Ke5 Re8+ 74.Kf6 f4 75.Rf3 Re3  1/2-1/2

[Event "Ostravsky Konik A"]
[Site "Ostrava CZE"]
[Date "2012.04.28"]
[Round "1.22"]
[White "Plasil,Petr"]
[Black "Sedy,P"]
[Result "1/2-1/2"]
[WhiteElo "1948"]
[BlackElo "2178"]

1.Nf3 d5 2.c4 c6 3.d4 Nf6 4.Nc3 e6 5.e3 Bb4 6.Qc2 Nbd7 7.Bd3 O-O 8.O-O Re8
9.cxd5 exd5 10.Bd2 Bxc3 11.Bxc3 Ne4 12.Rae1 a5 13.Nd2 Ndf6 14.f3 Nxd2 15.Qxd2 b5
16.a3 Qb6 17.b4 a4 18.e4 Be6 19.e5 Nd7 20.f4 f5 21.g4 Rf8 22.Re3 g6 23.Qc2 Kh8
24.gxf5 Bxf5 25.Rg3 Bxd3 26.Qxd3 Rf5 27.Bd2 Raf8 28.Re1 g5 29.e6 gxf4 30.Bxf4 Rxf4
31.exd7 Qb7 32.Qe3 Qxd7 33.Qe5+ R8f6 34.Qb8+ Rf8 35.Qe5+ R8f6 36.Qb8+  1/2-1/2

[Event "Ostravsky Konik A"]
[Site "Ostrava CZE"]
[Date "2012.04.28"]
[Round "1.13"]
[White "Kantorik,M"]
[Black "Tichy,M1"]
[Result "1-0"]
[WhiteElo "2323"]
[BlackElo "2026"]

1.d4 Nf6 2.c4 c6 3.Nf3 d5 4.Nc3 e6 5.e3 Bd6 6.Bd3 Nbd7 7.e4 dxc4 8.Bxc4 b5
9.Bb3 b4 10.e5 bxc3 11.bxc3 Qa5 12.O-O Nxe5 13.dxe5 Bxe5 14.Nxe5 Qxe5 15.Ba3 c5
16.Qf3 Rb8 17.Qc6+ Nd7 18.Rfe1 Qg5 19.h4 Qe7 20.Bxe6 O-O 21.Bf5 Ne5 22.Qxc5 Qxc5
23.Bxc5 Re8 24.Bd6  1-0

[Event "TCh-ITA 2012"]
[Site "Arvier ITA"]
[Date "2012.04.29"]
[Round "4"]
[White "Arlandi,E"]
[Black "Shytaj,L"]
[Result "1/2-1/2"]
[WhiteElo "2436"]
[BlackElo "2496"]

1.d4 d5 2.c4 e6 3.Nc3 c6 4.e3 Nf6 5.Nf3 Nbd7 6.Qc2 Bd6 7.b3 O-O 8.Be2 b6
9.O-O Bb7 10.Bb2 Qe7 11.Rad1 Rad8 12.e4 dxe4 13.Nxe4 Nxe4 14.Qxe4 f5 15.Qc2 c5
16.Rfe1 Be4 17.Qc1 Nf6 18.Ne5 Qc7 19.Qa1 cxd4 20.Bxd4 Bb4 21.Bc3 Nd5 22.Bd2 Bd6
23.Nf3 Nb4 24.Bxb4 Bxb4 25.Rxd8 Rxd8 26.Rd1 Rxd1+ 27.Qxd1 Qd6 28.Ng5 Qxd1+
29.Bxd1 Bb1 30.Nxe6 Bxa2 31.Nd4 a5 32.Nxf5 a4 33.bxa4 Bxc4 34.Ne3 Ba6 35.Bb3+ Kh8
36.g4 g6 37.Kg2 b5 38.axb5 Bxb5 39.h4 Kg7 40.Bc4 Bc6+ 41.Bd5 Bb5 42.Bc4  1/2-1/2

[Event "Nakhchivan Open 2012"]
[Site "Nakhchivan AZE"]
[Date "2012.04.29"]
[Round "2.1"]
[White "Mirzoev,A"]
[Black "Grachev,B"]
[Result "1/2-1/2"]
[WhiteElo "2560"]
[BlackElo "2705"]

1.d4 d5 2.c4 e6 3.Nc3 c6 4.e3 Nf6 5.Nf3 Nbd7 6.Bd3 dxc4 7.Bxc4 b5 8.Be2 Bb7
9.O-O Be7 10.b3 O-O 11.Bb2 a6 12.Rc1 Rc8 13.a4 Qb6 14.Bd3 Rfd8 15.Qe2 bxa4
16.Nxa4 Qxb3 17.Ra1 Qd5 18.Nc3 Qh5 19.Bxa6 Bxa6 20.Rxa6 c5 21.dxc5 Nxc5 22.Ra7 Bd6
23.h3 Nd3 24.Ba1 Bb4 25.Na2 Bc5 26.Bxf6 gxf6 27.Ra4 Ne5 28.Nc1 Nxf3+ 29.Qxf3 Qxf3
30.gxf3 f5 31.f4 Rb8 32.Ra2 Kg7  1/2-1/2

[Event "GP FFE 2nd stage KO"]
[Site "Nancy FRA"]
[Date "2012.04.29"]
[Round "3.2"]
[White "Vachier Lagrave,M"]
[Black "Fressinet,L"]
[Result "1-0"]
[WhiteElo "2682"]
[BlackElo "2693"]

1.c4 e6 2.Nc3 d5 3.d4 c6 4.e3 Nf6 5.Nf3 Nbd7 6.Bd3 Bd6 7.O-O O-O 8.Qc2 dxc4
9.Bxc4 a6 10.e4 e5 11.Rd1 Qc7 12.h3 b5 13.Bf1 c5 14.d5 c4 15.a4 b4 16.Nb1 Nc5
17.Nbd2 c3 18.bxc3 b3 19.Nxb3 Nxb3 20.Qxb3 Nxe4 21.Be3 Bd7 22.c4 Rab8 23.Qc2 Nc5
24.Nd2 Rb4 25.Ne4 Nxe4 26.Qxe4 Bxa4 27.Rdb1 f5 28.Qd3 e4 29.Qc3 a5 30.Qc1 Rxb1
31.Qxb1 Rb8 32.Qa2 f4 33.Bd4 Rb4 34.Bc3 Rb3 35.Bxa5 Qe7 36.Qxa4 Rxh3 37.gxh3 f3
38.Bb4  1-0

[Event "TCh-ITA 2012"]
[Site "Arvier ITA"]
[Date "2012.04.30"]
[Round "5"]
[White "Salvetti,A"]
[Black "Misiano,F"]
[Result "1/2-1/2"]
[WhiteElo "2210"]
[BlackElo "2270"]

1.d4 d5 2.Nf3 Nf6 3.e3 e6 4.c4 c6 5.Nc3 Nbd7 6.Qc2 Bd6 7.b3 O-O 8.Bb2 b6
9.Bd3 Bb7 10.O-O Rc8 11.Qe2 Qe7 12.Rfd1 Rfe8 13.e4 dxe4 14.Nxe4 Nxe4 15.Qxe4 f5
16.Qe2 c5 17.dxc5 Nxc5 18.Ne5 Qg5 19.f3 Rcd8 20.Bc2 a5 21.Bc3 Qf6 22.a3 Ne4
23.fxe4 Bxe5 24.Bxe5 Qxe5 25.Qf2 Bxe4 26.Bxe4 fxe4 27.Qxb6 Rd2 28.Qe3 Red8
29.Re1 R8d3 30.Qxe4 Qxe4 31.Rxe4 Rxb3 32.Rae1 Rxa3 33.Rxe6 h6 34.Re8+ Kh7
35.R8e2 Rxe2 36.Rxe2 Rc3  1/2-1/2

[Event "Ostravsky Konik A"]
[Site "Ostrava CZE"]
[Date "2012.04.30"]
[Round "3.3"]
[White "Plischki,S"]
[Black "Pacher,M"]
[Result "1/2-1/2"]
[WhiteElo "2333"]
[BlackElo "2402"]

1.Nf3 d5 2.d4 e6 3.c4 c6 4.Nc3 Nf6 5.e3 Nbd7 6.Qc2 Bd6 7.Be2 O-O 8.O-O Re8
9.Rd1 Qe7 10.a3 h6 11.h3 a6 12.b4 dxc4 13.Bxc4 e5 14.Nh4 Nb6 15.Ng6 Qc7 16.Nxe5 Bxe5
17.dxe5 Qxe5 18.Bd3 Be6 19.e4 Rad8 20.Be3 Nc4 21.Bc5 Nd7 22.f4 Qxf4 23.Ne2 Qg5
24.h4 Qxh4 25.Bf2 Qg4 26.Bxc4 Bxc4 27.Qxc4 Rxe4 28.Rd4 Rxd4 29.Nxd4 Ne5 30.Qe2 Qf4
31.Re1 Rd5 32.Nf3 Nc4 33.a4 f5 34.Rd1 Qe4 35.Re1 Qf4 36.Rd1 Qe4 37.Re1 Qf4  1/2-1/2

[Event "Ostravsky Konik A"]
[Site "Ostrava CZE"]
[Date "2012.04.30"]
[Round "3.21"]
[White "Stukner,S"]
[Black "Melzer,Patrik"]
[Result "1-0"]
[WhiteElo "2136"]
[BlackElo "1969"]

1.c4 c6 2.Nc3 d5 3.d4 Nf6 4.Nf3 e6 5.e3 Nbd7 6.Bd2 Bd6 7.Rc1 O-O 8.a3 Re8
9.Be2 h6 10.cxd5 exd5 11.O-O Ne4 12.Nxe4 dxe4 13.Ne1 Nf6 14.b4 Be6 15.f4 Qd7
16.Qc2 h5 17.Qb2 a6 18.Nc2 g6 19.Na1 Qe7 20.Nb3 Bxb3 21.Qxb3 Nd5 22.Be1 f5
23.Bc4 Qe6 24.Qb2 Be7 25.a4 Kh7 26.Qe2 Qd6 27.Rb1 Rec8 28.Bd2 Bf6 29.Rfc1 Kg7
30.Qd1 Rd8 31.g3 h4 32.b5 axb5 33.axb5 hxg3 34.hxg3 Ra3 35.Bxd5 Qxd5 36.Rc5 Qxc5
37.dxc5 Ra2 38.bxc6 bxc6 39.Rb7+ Kf8 40.Qb3 Ra1+ 41.Be1 Rd5 42.Kf2 g5 43.Bc3 Bxc3
44.Qxc3 Ra2+ 45.Ke1  1-0

[Event "ch-LAT 2012"]
[Site "Riga LAT"]
[Date "2012.04.30"]
[Round "2.4"]
[White "Klimakovs,S"]
[Black "Sveshnikov,V"]
[Result "1/2-1/2"]
[WhiteElo "2250"]
[BlackElo "2426"]

1.d4 d5 2.c4 e6 3.Nf3 Nf6 4.Nc3 c6 5.e3 Nbd7 6.Bd3 dxc4 7.Bxc4 b5 8.Bd3 b4
9.Ne4 Nxe4 10.Bxe4 Bb7 11.O-O Bd6 12.a3 bxa3 13.b3 Nf6 14.Bd3 c5 15.Bb5+ Ke7
16.dxc5 Bxc5  1/2-1/2

[Event "ch-LAT 2012"]
[Site "Riga LAT"]
[Date "2012.05.01"]
[Round "5"]
[White "Stepovojs,Viktors"]
[Black "Mierins,Eriks"]
[Result "0-1"]
[WhiteElo "1707"]
[BlackElo "2109"]

1.d4 d5 2.Nf3 Nf6 3.c4 c6 4.e3 e6 5.Nc3 Nbd7 6.cxd5 exd5 7.Bd3 Bd6 8.O-O O-O
9.Qc2 Re8 10.Re1 h6 11.Bd2 Nb6 12.h3 Bd7 13.a4 a5 14.e4 dxe4 15.Nxe4 Nxe4
16.Bxe4 Qf6 17.Qb3 Bc7 18.Bc3 Qd6 19.Ne5 Be6 20.Qc2 Nd5 21.Rad1 Rad8 22.Qe2 f6
23.Nf3 Nf4 24.Qc2 Bd5 25.Re3 Bxe4 26.Rxe4 Rxe4 27.Qxe4 Qe6 28.Qxe6+ Nxe6
29.Re1 Kf7 30.Kf1 Bb6 31.Rd1 c5 32.d5 Nd4 33.Nd2 Rxd5 34.Nc4 Bc7 35.Nxa5 Bxa5
36.Bxa5 Ke6 37.Bc3 Nb3 38.Re1+ Kd7 39.Re3 Nd2+ 40.Ke2 Nc4 41.Rg3 Rg5 42.Rxg5 hxg5
43.Kd3 Nd6 44.b4 Kc6 45.bxc5 Kxc5 46.g3 Kd5 47.h4 gxh4 48.gxh4 Ne4 49.Bd4 Nd6
50.f3 Nf5 51.Bf2 g6 52.Kc3 Ke5 53.Kc4 Kf4 54.Kc5 Kxf3 55.Be1 Ke2 56.Bc3 Ng3
57.Kb6 Ne4 58.Bb2 f5 59.Bc1 Kf3 60.a5 Nd6 61.Kc5 Nc8 62.Kd5 Kg4 63.Bg5 f4
64.Ke4 f3 65.Ke3 Nd6 66.Bd8 Nf5+ 67.Kf2 Nxh4 68.Bxh4 Kxh4 69.Kxf3 g5 70.Ke3 g4
71.Kd4 g3 72.Kc5 g2 73.Kb6 g1=Q+ 74.Kxb7 Qb1+ 75.Kc7 Qb5  0-1

[Event "ch-SRB 2012"]
[Site "Vrnjacka Banja SRB"]
[Date "2012.05.01"]
[Round "9"]
[White "Damljanovic,B"]
[Black "Bogosavljevic,B"]
[Result "1-0"]
[WhiteElo "2582"]
[BlackElo "2523"]

1.c4 c6 2.Nc3 d5 3.d4 Nf6 4.e3 e6 5.Nf3 Nbd7 6.b3 Bb4 7.Bd2 O-O 8.Be2 Qe7
9.O-O b6 10.Qc2 Bb7 11.Rfd1 Rfd8 12.Be1 Rac8 13.a3 Bd6 14.b4 dxc4 15.Bxc4 c5
16.dxc5 bxc5 17.b5 Ng4 18.Ne4 Nxh2 19.Nfg5 Bxe4 20.Nxe4 Be5 21.Rac1 Ng4 22.Be2 Ngf6
23.a4 Nd5 24.Qb3 Bb8 25.g3 Ne5 26.Qa3 f5 27.Nd2 h5 28.Nf3 Nxf3+ 29.Bxf3 h4
30.Qb3 hxg3 31.Bxd5 gxf2+ 32.Bxf2 exd5 33.Rxd5 Qg5+ 34.Kf1 Kh7 35.Qd3 Rxd5
36.Qxd5 Rd8 37.Qf3 Bd6 38.Rc4 Be7 39.Bh4 Qg6 40.Bxe7 Rd2 41.Rh4+ Kg8 42.Qa8+ Kf7
43.Bxc5 Qe6 44.Qxa7+ Rd7 45.Qa8 Qa2 46.Qf8+ Kg6 47.Qe8+ Rf7 48.Qc6+ Kg5 49.Rh1 Qa1+
50.Kf2 Qa2+ 51.Kf3 f4 52.Rg1+ Kh4 53.Qe4 g6 54.Be7+  1-0

[Event "Ostravsky Konik A"]
[Site "Ostrava CZE"]
[Date "2012.05.02"]
[Round "5.24"]
[White "Plasil,Petr"]
[Black "Papan,C"]
[Result "1-0"]
[WhiteElo "1948"]
[BlackElo "2059"]

1.Nf3 Nf6 2.c4 e6 3.Nc3 d5 4.d4 c6 5.e3 Nbd7 6.Bd3 dxc4 7.Bxc4 b5 8.Bd3 Bb7
9.O-O a6 10.e4 c5 11.d5 c4 12.Bc2 Qb6 13.Bf4 Bc5 14.h3 exd5 15.exd5 O-O 16.Qd2 Rfe8
17.Rad1 Bb4 18.Be3 Qd8 19.Bg5 Qa5 20.Qd4 Bxc3 21.bxc3 Qb6 22.Bxf6 Qxf6 23.Qg4 Ne5
24.Nxe5 Rxe5 25.Be4 Rae8 26.Rd4 Bc8 27.Qf3 Bf5 28.Bxf5 Rxf5 29.Qd1 Qd6 30.f4 h5
31.g4 hxg4 32.hxg4 Rf6 33.g5 Rg6 34.Qh5 Re3 35.Kf2 Rxc3 36.Rh1 f5 37.Qh8+ Kf7
38.Re1 Qd7 39.d6 Rc2+ 40.Kf1 Re6 41.Qh5+ Kg8 42.g6  1-0

[Event "Ostravsky Konik A"]
[Site "Ostrava CZE"]
[Date "2012.05.04"]
[Round "7.8"]
[White "Firt,S"]
[Black "Kantorik,M"]
[Result "1/2-1/2"]
[WhiteElo "2294"]
[BlackElo "2323"]

1.Nf3 Nf6 2.c4 e6 3.d4 d5 4.Nc3 c6 5.e3 Nbd7 6.Qc2 Bd6 7.Bd2 Qe7 8.g4 dxc4
9.Bxc4 Nd5 10.Ne4 Bb4 11.Ne5 Bxd2+ 12.Qxd2  1/2-1/2

[Event "MMM Open 2012"]
[Site "Krakow POL"]
[Date "2012.05.05"]
[Round "8.11"]
[White "Kawula,A"]
[Black "Kolodkin,Daniil"]
[Result "1-0"]
[WhiteElo "1990"]
[BlackElo "1926"]

1.c4 c6 2.d4 d5 3.e3 Nf6 4.Nc3 e6 5.Nf3 Nbd7 6.Bd3 Be7 7.O-O dxc4 8.Bxc4 b5
9.Bd3 Bb7 10.e4 b4 11.Na4 h6 12.Re1 O-O 13.b3 c5 14.e5 Nd5 15.Qe2 N5b6 16.Nxc5 Bxc5
17.dxc5 Nxc5 18.Bb1 Rc8 19.Be3 Ba6 20.Qd2 Nd5 21.Bxc5 Rxc5 22.Qd4 Qb6 23.Qe4 g6
24.Qg4 Nc3 25.Bxg6 fxg6 26.Qxg6+ Kh8 27.Qxh6+ Kg8 28.Qg6+ Kh8 29.Qh6+ Kg8
30.Ng5 Rc7 31.Qxe6+ Qxe6 32.Nxe6 Rcf7 33.Nxf8 Kxf8 34.f3 Ne2+ 35.Kf2 Nf4
36.Re4 Nd3+ 37.Ke3 Re7 38.f4 Rd7 39.Rd1  1-0

[Event "MMM Open 2012"]
[Site "Krakow POL"]
[Date "2012.05.05"]
[Round "8.10"]
[White "Zaboklicki,Z"]
[Black "Byrka,J"]
[Result "0-1"]
[WhiteElo "1837"]
[BlackElo "1959"]

1.d4 d5 2.c4 c6 3.Nf3 Nf6 4.e3 e6 5.Nc3 Be7 6.Bd3 O-O 7.O-O dxc4 8.Bxc4 c5
9.Qe2 a6 10.Rd1 Qc7 11.a4 b6 12.e4 cxd4 13.Nxd4 Bb7 14.e5 Nfd7 15.Bf4 Nc6
16.Nxe6 fxe6 17.Bxe6+ Kh8 18.Rxd7 Qb8 19.Nd5 Nd4 20.Qg4 Bxd5 21.Bxd5 Rxf4
22.Qd1 Ra7 23.Rxa7 Qxa7 24.g3 Qd7 25.gxf4 Qxd5 26.Qh5 g6 27.Qh3 Ne2+ 28.Kf1 Nxf4  0-1